<?xml version="1.0" encoding="UTF-8"?>
<record
    xmlns:xsi="http://www.w3.org/2001/XMLSchema-instance"
    xsi:schemaLocation="http://www.loc.gov/MARC21/slim http://www.loc.gov/standards/marcxml/schema/MARC21slim.xsd"
    xmlns="http://www.loc.gov/MARC21/slim">

  <leader>00712nam a22001697a 4500</leader>
  <controlfield tag="008">120822t        xxu||||| |||| 00| 0 eng d</controlfield>
  <datafield tag="020" ind1=" " ind2=" ">
    <subfield code="a">9781418839451</subfield>
  </datafield>
  <datafield tag="050" ind1=" " ind2=" ">
    <subfield code="a">QA76.P356</subfield>
  </datafield>
  <datafield tag="100" ind1=" " ind2=" ">
    <subfield code="a">Parsons, June Jamrich.</subfield>
  </datafield>
  <datafield tag="245" ind1=" " ind2=" ">
    <subfield code="a">New perspectives on computer concepts. /</subfield>
    <subfield code="c">June Jamrich Parsons,  Dan Oja.</subfield>
  </datafield>
  <datafield tag="300" ind1=" " ind2=" ">
    <subfield code="a">xvi+ various pagings.:</subfield>
    <subfield code="b">ill.;</subfield>
    <subfield code="c">26cm</subfield>
  </datafield>
  <datafield tag="500" ind1=" " ind2=" ">
    <subfield code="a">Includes index.</subfield>
  </datafield>
  <datafield tag="505" ind1=" " ind2=" ">
    <subfield code="a">Contents: Oreintation -- Computer, internet, web and E-mail basics -- Computer hardware -- Comptuer software -- File management, virus protection and back up -- Internet and LAN technology -- Web pages, web site and E- commerce -- Digital media.</subfield>
  </datafield>
  <datafield tag="650" ind1=" " ind2=" ">
    <subfield code="a">Computer</subfield>
  </datafield>
  <datafield tag="700" ind1=" " ind2=" ">
    <subfield code="a">Oja Dan. </subfield>
  </datafield>
  <datafield tag="942" ind1=" " ind2=" ">
    <subfield code="2">lcc</subfield>
    <subfield code="c">BK</subfield>
  </datafield>
  <datafield tag="999" ind1=" " ind2=" ">
    <subfield code="c">2081</subfield>
    <subfield code="d">9581</subfield>
  </datafield>
  <datafield tag="952" ind1=" " ind2=" ">
    <subfield code="0">0</subfield>
    <subfield code="1">0</subfield>
    <subfield code="2">lcc</subfield>
    <subfield code="4">0</subfield>
    <subfield code="7">0</subfield>
    <subfield code="a">WIUC-1</subfield>
    <subfield code="b">WIUC-1</subfield>
    <subfield code="c">GEN</subfield>
    <subfield code="d">2012-08-22</subfield>
    <subfield code="l">0</subfield>
    <subfield code="o">QA76.P356</subfield>
    <subfield code="p">5216/12</subfield>
    <subfield code="r">2012-08-22 00:00:00</subfield>
    <subfield code="t">1</subfield>
    <subfield code="w">2012-08-22</subfield>
    <subfield code="y">BK</subfield>
  </datafield>
  <datafield tag="952" ind1=" " ind2=" ">
    <subfield code="0">0</subfield>
    <subfield code="1">0</subfield>
    <subfield code="2">lcc</subfield>
    <subfield code="4">0</subfield>
    <subfield code="7">0</subfield>
    <subfield code="a">WIUC-1</subfield>
    <subfield code="b">WIUC-1</subfield>
    <subfield code="c">GEN</subfield>
    <subfield code="d">2012-08-22</subfield>
    <subfield code="l">0</subfield>
    <subfield code="o">QA76.P3561</subfield>
    <subfield code="p">5217/12</subfield>
    <subfield code="r">2012-08-22 00:00:00</subfield>
    <subfield code="t">2</subfield>
    <subfield code="w">2012-08-22</subfield>
    <subfield code="y">BK</subfield>
  </datafield>
</record>
